GETS Theological Seminary Library

朱子近思录 (Record no. 20432)

MARC details
000 -LEADER
fixed length control field 00495nam a2200181Ia 4500
008 - FIXED-LENGTH DATA ELEMENTS--GENERAL INFORMATION
fixed length control field 200826s9999||||xx |||||||||||||| ||und||
020 ## - INTERNATIONAL STANDARD BOOK NUMBER
International Standard Book Number 7532527980
041 ## - LANGUAGE CODE
Language code of text/sound track or separate title chi
050 ## - LIBRARY OF CONGRESS CALL NUMBER
Classification number B128.C533
Item number .Z48 2000
100 ## - MAIN ENTRY--PERSONAL NAME
Personal name 朱熹
245 #0 - TITLE STATEMENT
Title 朱子近思录
Remainder of title /
Statement of responsibility, etc. 朱熹,吕祖谦
246 ## - VARYING FORM OF TITLE
Title proper/short title 朱子近思錄
Remainder of title /
260 ## - PUBLICATION, DISTRIBUTION, ETC.
Place of publication, distribution, etc. 上海 :
Name of publisher, distributor, etc. 上海古籍出版社,
Date of publication, distribution, etc. 2000
300 ## - PHYSICAL DESCRIPTION
Extent 2, 2, 262 p.
Other physical details ;
Dimensions 21 cm.
650 ## - SUBJECT ADDED ENTRY--TOPICAL TERM
Topical term or geographic name entry element Philosophy, Chinese--960-1644.
700 ## - ADDED ENTRY--PERSONAL NAME
Personal name 吕祖谦
Holdings
Withdrawn status Lost status Damaged status Not for loan Home library Current library Shelving location Date acquired Total Checkouts Full call number Barcode Date last seen Price effective from Koha item type
        GETS Theological Seminary Library GETS Theological Seminary Library General Stacks 08/26/2020   B128.C533 .Z48 2000 00007990 08/26/2020 08/26/2020 Chinese Book
OpacCredits

Contact the Librarian, GETS Library
Email: library@mygets.org









Implemented by GETS Library
(Powered by ETCA Professional Group)
GETS Theological Seminary
412 E. Rowland Street, CA 91723